An essay towards the recovery of the Jewish measures & weights, comprehending their monies, by help of ancient standards, compared with ours of England : useful also to state many of those of the Greeks and Romans, and the eastern nations /

Bibliographic Details
Main Author: Cumberland, Richard, 1631-1718
Format: eBook
Language:English
Published: London : Printed by Richard Chiswell ..., 1686.
Series:Early English books online.
Subjects:
Online Access:Connect to the full text of this electronic book

MARC

Tag First Indicator Second Indicator Subfields
LEADER 00000nam a2200000Ia 4500
001 in00004246972
005 20200807093328.0
006 m g d
007 cr bn |||a|bb|
008 850413s1686 enka o 00| | eng d
035 |a (OCoLC)11914994 
040 |a EAA  |c EAA  |d m/c  |d WaOLN 
037 |a CL0037000025  |b ProQuest Information and Learning. 300 N. Zeeb Rd., Ann Arbor, MI 48106 
049 |a UMIA 
100 1 |a Cumberland, Richard,  |d 1631-1718. 
245 0 3 |a An essay towards the recovery of the Jewish measures & weights, comprehending their monies, by help of ancient standards, compared with ours of England :  |b useful also to state many of those of the Greeks and Romans, and the eastern nations /  |c by Richard Cumberland ... 
260 |a London :  |b Printed by Richard Chiswell ...,  |c 1686. 
300 |a 1 online resource ([18], 140, [4] pages :  |b illustrations. 
336 |a text  |b txt  |2 rdacontent 
337 |a computer  |b c  |2 rdamedia 
338 |a online resource  |b cr  |2 rdacarrier 
500 |a Reproduction of original in Huntington Library. 
500 |a "Books printed for, and sold by Richard Chiswell" at end. 
500 |a Diagram: pages [17], [18] 
510 4 |a Wing  |c C7581 
533 |a Electronic reproduction.  |b Ann Arbor, Mich. :  |c UMI,  |d 1999-  |f (Early English books online)  |n Digital version of: (Early English books, 1641-1700 ; 813:8)  |7 s1999 miun s 
500 |a "A table of the principal measures, &c. herein contained": pages 135-139. 
650 0 |a Weights and measures, Jewish. 
650 0 |a Weights and measures, Medieval. 
740 0 |a Essay towards the recovery of the Jewish measures & weights. 
830 0 |a Early English books online. 
856 4 0 |u http://proxy.library.tamu.edu/login?url=https://search.proquest.com/docview/2240903492  |z Connect to the full text of this electronic book  |t 0 
999 f f |s 0bf7ea6a-3532-38b1-b3cc-323625efe4ec  |i f31bd330-3824-31f0-a413-ec78a9e84407  |t 0 
952 f f |a Texas A&M University  |b College Station  |c Electronic Resources  |d Available Online  |t 0  |h No information provided 
998 f f |t 0  |l Available Online